000
00353 a2200169 4500
001
49384
020
_a
8574096059
040
_c
Anchieta - Bela Vista
100
_a
Ferreira, Elita
240
1
0
_a
Tia Filó
_l
por
245
1
0
_a
Tia Filó
300
_a
24
362
0
_a
2009
440
1
_a
Bagaço
650
4
_a
Literatura infanto-juvenil
942
_c
BK
999
_c
49384
_d
49384